Epoxidised natural rubber in tubeless tyre inner liners (Record no. 58736)

MARC details
000 -LEADER
fixed length control field 00426nam a2200133Ia 4500
100 ## - MAIN ENTRY--AUTHOR NAME
Personal name Chai L P
245 #0 - TITLE STATEMENT
Title Epoxidised natural rubber in tubeless tyre inner liners
260 ## - PUBLICATION, DISTRIBUTION, ETC. (IMPRINT)
Name of publisher Proceedings of the International Rubber Conference, Kuala Lumpur, Malaysia, V.2. 1985; p312-335
650 ## - SUBJECT ADDED ENTRY--TOPICAL TERM
Topical Term Epoxidised natural rubber
650 ## - SUBJECT ADDED ENTRY--TOPICAL TERM
Topical Term Tyre
700 ## - ADDED ENTRY--PERSONAL NAME
Personal name Sang S T M
942 ## - ADDED ENTRY ELEMENTS (KOHA)
Koha item type Journals
Holdings
Withdrawn status Lost status Damaged status Not for loan Home library Current library Shelving location Date acquired Koha item type
      Journals RRII Library RRII Library Rubber chemistry 17/12/2021 Journals